Normal view
MARC view
Entry Personal Name
001 - CONTROL NUMBER
- control field: 252616
003 - CONTROL NUMBER IDENTIFIER
- control field: OSt
005 - DATE AND TIME OF LATEST TRANSACTION
- control field: 20260124121222.0
008 - FIXED-LENGTH DATA ELEMENTS
- fixed length control field: 260124|| aca||aabn | a|a d
040 ## - CATALOGING SOURCE
- Original cataloging agency: OSt
- Transcribing agency: OSt
100 ## - HEADING--PERSONAL NAME
- Personal name: KRASHNA AYYANGARA (Ka)
- Dates associated with a name: ಕೃಷ್ಣ ಅಯ್ಯಂಗಾರ್ (ಕಾ)
670 ## - SOURCE DATA FOUND
- Source citation: Work cat.: (OSt)144717: KRASHNA AYYANGARA (Ka) ಕೃಷ್ಣ ಅಯ್ಯಂಗಾರ್ (ಕಾ), Javaharalala neharu, 1945